[Event "Challenge"]
[Site "http://www.queenalice.com/game.php?id=335609"]
[Date "2008.1.13"]
[Round "-"]
[White "weber"]
[Black "corvo"]
[Result "1-0"]
[WhiteElo "1486"]
[BlackElo "1421"]

1. e4 e5 2. Nf3 Nc6 3. Nc3 Nf6 4. Bb5 Bc5 5. O-O O-O 6. Bxc6 bxc6 7. Nxe5 d6 8.
Nxc6 Qd7 9. e5 Ng4 10. d4 Bb6 11. Nb4 c5 12. Nbd5 Ba6 13. Nxb6 axb6 14. Re1 cxd4
15. Qxd4 Nxe5 16. Rxe5 Rfe8 17. Rxe8+ Qxe8 18. Bf4 Rd8 19. Qxb6 Bc8 20. Bxd6 Qe6
21. Qxd8+ Qe8 22. Qxe8# 1-0

[Event "Challenge"]
[Site "http://www.queenalice.com/game.php?id=335638"]
[Date "2008.1.13"]
[Round "-"]
[White "chvalentino"]
[Black "corvo"]
[Result "0-1"]
[WhiteElo "1459"]
[BlackElo "1426"]

1. d3 d5 2. e4 dxe4 3. dxe4 Qxd1+ 4. Kxd1 Nf6 5. Nc3 Bg4+ 6. f3 Bh5 7. Bb5+ Nfd7
8. Bxd7+ Nxd7 9. Nh3 Nf6 10. Nf4 O-O-O+ 11. Ke2 e5 12. Nd3 g5 13. Nxe5 Bg7 14.
Rg1 Rhe8 15. Bxg5 Rxe5 16. g4 h6 17. Bxf6 Bxf6 18. gxh5 Rxh5 19. Rgd1 Rxh2+ 20.
Kf1 Bh4 21. Kg1 Rf2 22. Rxd8+ Kxd8 23. Nd1 Rxf3 24. Nc3 f5 25. Rf1 Rg3+ 26. Kh2
Re3 27. Rf4 Bg3+ 28. Kh3 Bxf4+ 29. Kh4 fxe4 30. Kg4 Be5 31. Kf5 Bd4 0-1

[Event "AUTO-INT-752"]
[Site "http://www.queenalice.com/game.php?id=336247"]
[Date "2008.1.14"]
[Round "1"]
[White "Francisco_Ferraz"]
[Black "corvo"]
[Result "0-1"]
[WhiteElo "1559"]
[BlackElo "1457"]

1. b3 e5 2. Bb2 Nc6 3. e3 d5 4. Bb5 a6 5. Bxc6+ bxc6 6. Bxe5 Ne7 7. f4 Nf5 8.
Nf3 Bc5 9. Bxg7 Rg8 10. Bb2 Rxg2 11. d4 Nxe3 12. Qd3 Nxc2+ 13. Kf1 Bh3 14. Ng5
Qe7 15. Qxh3 Qe2# 0-1

[Event "AUTO-INT-752"]
[Site "http://www.queenalice.com/game.php?id=336248"]
[Date "2008.1.14"]
[Round "1"]
[White "corvo"]
[Black "Francisco_Ferraz"]
[Result "0-1"]
[WhiteElo "1488"]
[BlackElo "1686"]

1. e4 c5 2. Nf3 d6 3. Bc4 h6 4. d4 Bg4 5. Nbd2 cxd4 6. O-O e6 7. Qe1 Nc6 8. Nb3
Bxf3 9. gxf3 Nf6 10. Bf4 Be7 11. Bg3 e5 12. f4 a6 13. fxe5 dxe5 14. Rd1 O-O 15.
f4 b5 16. fxe5 Ng4 17. Rf5 bxc4 18. Nc1 Ne3 19. Qf2 Nxd1 20. Qf3 Nxb2 21. e6
fxe6 22. Rxf8+ Qxf8 23. Qh5 Qf7 24. Qg4 Rf8 25. Bf4 Qxf4 26. Qxf4 Rxf4 27. Ne2
Rg4+ 28. Kf2 Rxe4 29. Ng3 Bh4 30. Kf3 Re5 31. Ne4 d3 32. cxd3 Nxd3 33. Kg4 Rxe4+
0-1

[Event "AUTO-INT-752"]
[Site "http://www.queenalice.com/game.php?id=336261"]
[Date "2008.1.14"]
[Round "1"]
[White "corvo"]
[Black "Fredov"]
[Result "1-0"]
[WhiteElo "1473"]
[BlackElo "1708"]

1. e4 c5 2. Nf3 g6 3. Bc4 Bg7 4. d4 cxd4 5. Nxd4 Qb6 6. c3 d6 7. Be3 Qc7 8. Na3
Nf6 9. Ndb5 Qc6 10. Bd4 O-O 11. O-O a6 12. Bd5 Nxd5 13. exd5 Qd7 14. Bxg7 Kxg7
15. Nd4 e5 16. Nf3 b5 17. c4 bxc4 18. Nxc4 Qc7 19. Nfd2 Bb7 20. Rc1 Bxd5 21. Ne3
Qb7 22. Nf3 Bxf3 23. gxf3 f5 24. Qxd6 Rf6 25. Rc7+ Kh6 26. Qd8 Nc6 27. Qd7 Qb6
28. Qg7+ Kg5 29. Nd5 Qb8 30. Qxf6+ Kh6 31. Qg7+ Kg5 32. Rxc6 Qd8 33. Qxh7 Qe8
34. h4# 1-0

[Event "AUTO-INT-752"]
[Site "http://www.queenalice.com/game.php?id=336262"]
[Date "2008.1.14"]
[Round "1"]
[White "Fredov"]
[Black "corvo"]
[Result "1-0"]
[WhiteElo "1701"]
[BlackElo "1480"]

1. e4 e5 2. Nf3 Nc6 3. Bb5 a6 4. Ba4 Nf6 5. Nc3 Bc5 6. h3 O-O 7. O-O Re8 8. d3
Re6 9. Bb3 Rd6 10. Ng5 Qe7 11. Nxf7 Rd4 12. Nxe5+ Kf8 13. Nf3 Nh5 14. Nxd4 Bxd4
15. Qxh5 Ne5 16. Qxh7 Qf6 17. Qg8+ Ke7 18. Nd5+ Kd6 19. Nxf6 gxf6 20. Qd5+ Ke7
21. Qxd4 b5 22. Qc5+ d6 23. Qxc7+ Bd7 24. f4 Nc6 25. f5 Ra7 26. Qb6 a5 27. Bd5
Ra8 28. Bxc6 Bxc6 29. Qxc6 1-0

[Event "Challenge"]
[Site "http://www.queenalice.com/game.php?id=337233"]
[Date "2008.1.16"]
[Round "-"]
[White "fferraz"]
[Black "corvo"]
[Result "1-0"]
[WhiteElo "1323"]
[BlackElo "1443"]

1. d4 d5 2. Nc3 Nf6 3. Bf4 Nc6 4. Nb5 Rb8 5. Bxc7 Qd7 6. Qd2 e5 7. dxe5 Nxe5 8.
a4 Nc4 9. Qc3 Ra8 10. e4 Bc5 11. exd5 Nxd5 12. Qxc4 Bb4+ 13. c3 Ba5 14. Qe4+ Qe7
15. Nd6+ Kd7 16. Rd1 Kxc7 17. Rxd5 Be6 18. b4 Kc6 19. Bb5+ Kc7 20. Qc4+ Kb6 21.
Qc5# 1-0

[Event "Challenge"]
[Site "http://www.queenalice.com/game.php?id=338679"]
[Date "2008.1.18"]
[Round "-"]
[White "corvo"]
[Black "lezeu63"]
[Result "1-0"]
[WhiteElo "1465"]
[BlackElo "1632"]

1. e4 e5 2. Nf3 Nc6 3. Nc3 Nf6 4. Bc4 Bb4 5. O-O Bxc3 6. bxc3 Nxe4 7. d3 Nxc3 8.
Qd2 Na4 9. Ba3 d5 10. Bb5 Nb6 11. Nxe5 d4 12. Rfe1 Be6 13. Qf4 Qd5 14. Nxf7 Rf8
15. Bxf8 Kxf8 16. Nd8+ Ke7 17. Qxc7+ Qd7 18. Rxe6+ Kf8 19. Qd6+ Qe7 20. Rxe7
Nxe7 21. Re1 Nc8 22. Qd7 Nd6 23. Qxe7+ Kg8 24. Qxd6 a5 25. Bc4+ Kh8 26. Re8# 1-0

[Event "Challenge"]
[Site "http://www.queenalice.com/game.php?id=350643"]
[Date "2008.2.8"]
[Round "-"]
[White "FENIX_RJ"]
[Black "corvo"]
[Result "1-0"]
[WhiteElo "1579"]
[BlackElo "1477"]

1. e4 e5 2. Nc3 Nf6 3. Nf3 Nc6 4. Nd5 Nxd5 5. exd5 Nd4 6. Nxe5 Bc5 7. Qh5 O-O 8.
Bd3 g6 9. Qh6 Qf6 10. Ng4 Qd6 11. Bc4 Nxc2+ 12. Kd1 Nxa1 13. b3 f5 14. Bb2 Rf7
15. Be5 Qb6 16. Nf6+ Rxf6 17. d6+ Re6 18. Qg7# 1-0

[Event "AUTO-INT-871"]
[Site "http://www.queenalice.com/game.php?id=389792"]
[Date "2008.4.18"]
[Round "1"]
[White "SGrillo"]
[Black "corvo"]
[Result "1-0"]
[WhiteElo "1685"]
[BlackElo "1481"]

1. e4 e5 2. b3 Nf6 3. Bd3 Bc5 4. f3 d5 5. Nc3 dxe4 6. Nxe4 Nxe4 7. Bxe4 Nc6 8.
Bxc6+ bxc6 9. Ne2 O-O 10. Bb2 Re8 11. c3 Ba6 12. Nc1 Qe7 13. Qc2 Rad8 14. Ne2 e4
15. fxe4 Bxe2 16. Kxe2 Qxe4+ 17. Qxe4 Rxe4+ 18. Kd1 Rde8 19. Kc2 f5 20. g3 Kf7
21. d4 Re2+ 22. Kc1 Bb6 23. Ba3 Ke6 24. Kd1 Kd5 25. Bb4 c5 26. dxc5 Bxc5 27.
Bxc5 Kxc5 28. a4 g5 29. Rc1 1-0

[Event "AUTO-INT-871"]
[Site "http://www.queenalice.com/game.php?id=389793"]
[Date "2008.4.18"]
[Round "1"]
[White "corvo"]
[Black "SGrillo"]
[Result "0-1"]
[WhiteElo "1489"]
[BlackElo "1677"]

1. e4 e5 2. Nf3 d6 3. Bc4 h6 4. O-O Nf6 5. Nc3 c6 6. d4 Nbd7 7. dxe5 Nxe5 8.
Nxe5 dxe5 9. Bxf7+ Ke7 10. Qxd8+ Kxd8 11. Rd1+ Ke7 12. Bc4 Be6 13. Bxe6 Kxe6 14.
Be3 Bb4 15. Na4 Nxe4 16. Nc5+ Bxc5 17. Bxc5 Nxc5 18. g3 Rad8 19. Re1 Kf5 20. Re3
e4 21. c3 Rd3 22. Re2 Rhd8 23. Kf1 Rd1+ 24. Re1 Rxa1 25. Rxa1 Rd2 26. b4 Nd3 27.
Re1 Nxe1 28. Kxe1 Rxa2 29. Kf1 Rc2 0-1

[Event "AUTO-INT-871"]
[Site "http://www.queenalice.com/game.php?id=389807"]
[Date "2008.4.18"]
[Round "1"]
[White "corvo"]
[Black "prof_zeco"]
[Result "0-1"]
[WhiteElo "1503"]
[BlackElo "1551"]

1. e4 c5 2. Nf3 Nc6 3. Bc4 e6 4. Nc3 a6 5. d3 h6 6. O-O Bd6 7. d4 Nxd4 8. Nxd4
cxd4 9. Qxd4 Qc7 10. Re1 Bxh2+ 11. Kf1 Be5 12. Qe3 Qxc4+ 13. Re2 Nf6 14. f4 Bd4
15. Qg3 Nh5 16. Qh4 g6 17. Bd2 Bf6 18. Qxf6 Nxf6 19. e5 Nh5 20. Kg1 b5 21. Re4
Qc6 22. g4 Ng3 23. Re3 Bb7 24. Rxg3 Qh1+ 25. Kf2 Qxa1 26. f5 Qh1 27. fxe6 Qh2+
0-1

[Event "AUTO-INT-871"]
[Site "http://www.queenalice.com/game.php?id=389814"]
[Date "2008.4.18"]
[Round "1"]
[White "mfrezman"]
[Black "corvo"]
[Result "1-0"]
[WhiteElo "1491"]
[BlackElo "1473"]

1. e4 e5 2. Nf3 Nc6 3. Bb5 Bc5 4. O-O Nf6 5. c3 Nxe4 6. Bxc6 bxc6 7. Nxe5 d6 8.
Nxc6 Qf6 9. d4 Bb6 10. Qe2 Bf5 11. f3 O-O 12. fxe4 Rfe8 13. Rxf5 Qe6 14. Be3
Qxe4 15. Qf2 Qxc6 16. Qg3 g6 17. Rf6 Qb5 18. b4 Kg7 19. a4 Qd3 20. Qf4 Qxe3+ 21.
Qf2 Qc1+ 22. Qf1 Re1 23. Qxe1 Qxe1+ 24. Rf1 Qe3+ 25. Kh1 c5 26. dxc5 dxc5 27. b5
c4 28. Na3 Qxc3 29. Rfc1 Qe3 30. Nxc4 Qf2 31. a5 Bd4 32. Rab1 f5 33. Nb2 Re8 34.
Nd3 1-0

[Event "AUTO-INT-871"]
[Site "http://www.queenalice.com/game.php?id=389815"]
[Date "2008.4.18"]
[Round "1"]
[White "corvo"]
[Black "mfrezman"]
[Result "0-1"]
[WhiteElo "1481"]
[BlackElo "1478"]

1. e4 e5 2. Nf3 Nc6 3. Bc4 h6 4. Nc3 Bc5 5. O-O d6 6. Re1 Bg4 7. h3 Be6 8. a3
Bxc4 9. b4 Bb6 10. d4 exd4 11. Nxd4 Bxd4 12. b5 Bxc3 13. bxc6 bxc6 14. Re3 Bxa1
15. Qg4 Ne7 16. Qxg7 Bxg7 0-1

[Event "AUTO-OPEN-1116"]
[Site "http://www.queenalice.com/game.php?id=396663"]
[Date "2008.5.2"]
[Round "1"]
[White "corvo"]
[Black "jeantomasia"]
[Result "0-1"]
[WhiteElo "1489"]
[BlackElo "1934"]

1. e4 c5 2. Nf3 d6 3. d4 cxd4 4. Nxd4 Nf6 5. f3 a6 6. Bc4 b5 7. Bb3 Bb7 8. c4
Nc6 9. Nxc6 Bxc6 10. Nc3 e6 11. Bf4 Nh5 12. Be3 Qh4+ 13. Bf2 Qg5 14. O-O Nf4 15.
g3 Nh3+ 16. Kg2 Nxf2 17. Rxf2 h5 18. f4 Qc5 19. a4 b4 20. Ne2 Bxe4+ 21. Kh3 Qf5+
22. Kh4 Qg4# 0-1

[Event "AUTO-OPEN-1116"]
[Site "http://www.queenalice.com/game.php?id=396664"]
[Date "2008.5.2"]
[Round "1"]
[White "jeantomasia"]
[Black "corvo"]
[Result "1-0"]
[WhiteElo "2012"]
[BlackElo "1458"]

1. e4 e5 2. Nf3 Nc6 3. Bb5 Bc5 4. c3 Nf6 5. Bxc6 bxc6 6. O-O d6 7. d4 exd4 8.
cxd4 Bb6 9. Nc3 c5 10. d5 O-O 11. Bg5 Re8 12. h3 Ba6 13. Re1 h6 14. Bh4 Rc8 15.
e5 dxe5 16. Nxe5 Rxe5 17. Rxe5 Qd6 18. Bg3 Qd7 19. Qe1 c6 20. Rd1 Bb7 21. d6 c4
22. Re7 1-0